| 000 | 00733nam a22002297a 4500 | ||
|---|---|---|---|
| 005 | 20251108174544.0 | ||
| 008 | 250721s9999 xx 000 0 ara d | ||
| 082 | 1 | 4 | _aم/615.1/تري |
| 100 | 1 |
_aTREVOR، ANTHONY J. _eمؤلف |
|
| 245 | 1 | 0 | _aعلم الادوية الامتحان ومراجعة البورد / |
| 264 | 1 |
_aدمشق : _bدار المنجد قسم النشر الطبي، |
|
| 300 | _a662 | ||
| 650 | 1 | 7 | _aعلم الادويه السريريه |
| 650 | 1 | 7 | _aالعلوم الطبيه |
| 650 | 1 | 7 | _aالادويه |
| 650 | 1 | 7 | _aعلم السموم |
| 650 | 1 | 7 | _aالتخدير |
| 700 | 1 |
_aKATZUNG، BETRAM G. _eمؤلف |
|
| 700 | 1 |
_aMASTERS، SUSAN _eمؤلف |
|
| 942 |
_2ddc _cREF |
||
| 999 |
_c112132 _d112132 |
||